000 00690nam a22002057a 4500
003 OSt
005 20251030064501.0
008 251030b |||||||| |||| 00| 0 eng d
020 _a1-571570-56-X.
040 _aDWCL-Main lib
_cOC
082 _22nd ed.
_aCirc. 591.56 Z21a 1997
100 _aZaidle, Don
245 _aAmerican Man-Killers:
_btrue stories of a dangerous wilderness 2nd ed.
_cZaidle, Don
260 _aCalif. :
_bSafari Press, Inc,
_cc1997.
300 _axviii, 240 pages ;
_c23 cm.
504 _aIncludes bibliographical references.
650 _21. Animal attacks-United States.
650 _22. Dangerous animals-United States.
942 _2ddc
_cBK-CIRC
_e2nd ed.
_kCirc.
_n0
999 _c5348
_d5348